000 00972nas a2200277 4500
001 BR8300760
003 BR-BrBNA
005 20231205085435.0
007 ta
008 230509b bl.|||p| |||| 00| 00por d
040 _aBR-BrBNA
_bpor
_cBiblioteca Nacional de Agricultura
041 _a(Pt)
072 _aF22
100 1 _aMoller, M.R.F.
100 1 _aKlamt, E.
245 1 _aIdentificacao e genese de argilominerais em latossolo roxo de Santo Angelo, Rio Grande do Sul [Brasil]
_bParte de tese
246 1 _aIdentification and genesis of clay minerals in oxisol of Santo Angelo, Rio Grande do Sul [Brazil]
_bPart of thesis
650 _aANALISE QUIMICA
650 _aANALISE DO SOLO
650 _aARGILA
650 _aLATOSSOLO ROXO
650 _aRIO GRANDE DO SUL
773 0 _tRevista Brasileira de Ciencia do Solo (Brazil)
_xISSN 0100-0683
_g(Sep 1982), v. 6(3) p. 161-166
_wBR8300760
909 _a202311
_bLúcia
_c55
_dLúcia Elande
942 _2AGRIS
_n0
_cANA
999 _c111455
_d111455